书目信息 |
| 题名: |
人体生物钟万年历
|
|
| 作者: | 贾守治 编著 | |
| 分册: | ||
| 出版信息: | 济南 山东大学出版社 1988.10 |
|
| 页数: | 46页 | |
| 开本: | 21cm | |
| 丛书名: | ||
| 单 册: | ||
| 中图分类: | Q-49 | |
| 科图分类: | ||
| 主题词: | 生物学--普及读物 | |
| 电子资源: | ||
| ISBN: | 7-5607-0190-6 | |
| 000 | 00593nam0 2200205 45 | |
| 001 | 0503151679 | |
| 005 | 20050316083617.9 | |
| 010 | @a7-5607-0190-6@dCNY0.69 | |
| 100 | @a20050315d1988 km y0chiy0120 ea | |
| 101 | 0 | @achi |
| 105 | @a z 000yy | |
| 200 | 1 | @a人体生物钟万年历@ARen Ti Sheng Wu Zhong Wan Nian Li@e1901-2020@f贾守治编著@FJia Shou Zhi Bian Zhu |
| 210 | @a济南@c山东大学出版社@d1988.10 | |
| 215 | @a46页@d21cm | |
| 517 | @a1901-2020 | |
| 606 | 0 | @a生物学@x普及读物 |
| 690 | @aQ-49@v3 | |
| 701 | 0 | @a贾守治@4编著 |
| 801 | @aCN@bPftUser@c20050315 | |
| 905 | @f1@b262533@dQ-49@e28 | |
| 人体生物钟万年历:1901-2020/贾守治编著.-济南:山东大学出版社,1988.10 |
| 46页;21cm |
| ISBN 7-5607-0190-6:CNY0.69 |
| ● |
| 相关链接 |
|
|
|
|
正题名:人体生物钟万年历
索取号:Q-49/28
 
预约/预借
| 序号 | 登录号 | 条形码 | 馆藏地/架位号 | 状态 | 备注 |
| 1 | 0262532 | 202449742 | 密集书库/ [索取号:Q-49/28] | 在馆 | |
| 2 | 0262533 | 001978836 | 第二样本阅览室/ [索取号:Q-49/28] | 在馆 |